Optoelectronics & Photonics:Principles & Practices: International Edition : International Edition/

For one-semester, undergraduate-level courses in Optoelectronics and Photonics, in the departments of electrical engineering, engineering physics, and materials science and engineering.   This text takes a fresh look at the enormous developments in electo-optic devices and associated materials—such...

Full description

Saved in:
Bibliographic Details
Main Author: Kasap, Safa O. (Author)
Format: Electronic Book
Published: Harlow : Pearson International Content, 2013.
Edition:Second edition
Subjects:
Online Access:https://resolver.vitalsource.com/9780273774181
Tags: Add Tag
No Tags, Be the first to tag this record!

MARC

LEADER 00000nam#a2200000 4500
001 9780273774181
003 VST
005 20260317120217.0
006 m o d
007 cr#un#---uucau
008 131001s2013 xxk o 00 0 eng d
020 |a  9780273774181   |q  (ebook)  
020 |z  9780273774174   |q  (paperback)  
040 |a VST  |b eng  |c VST  |d VST 
072 |a TEC008000  |2 bisacsh 
072 |a TJ  |2 bicssc 
072 |a TJF  |2 bicssc 
100 1 |a Kasap, Safa O.  |e author 
245 1 0 |a Optoelectronics & Photonics:Principles & Practices: International Edition :  |b International Edition/  |c  Safa O. Kasap. 
250 |a Second edition 
264 1 |a Harlow :  |b Pearson International Content,  |c 2013. 
300 |a 1 online resource 
336 |a text  |b txt  |2 rdacontent 
337 |a computer  |b c  |2 rdamedia 
338 |a online resource  |b cr  |2 rdacarrier 
520 |a For one-semester, undergraduate-level courses in Optoelectronics and Photonics, in the departments of electrical engineering, engineering physics, and materials science and engineering.   This text takes a fresh look at the enormous developments in electo-optic devices and associated materials—such as Pockels (Lithium Niobate) modulators.   The full text downloaded to your computer With eBooks you can: search for key concepts, words and phrases make highlights and notes as you study share your notes with friends eBooks are downloaded to your computer and accessible either offline through the Bookshelf (available as a free download), available online and also via the iPad and Android apps. Upon purchase, you'll gain instant access to this eBook. Time limit The eBooks products do not have an expiry date. You will continue to access your digital ebook products whilst you have your Bookshelf installed. 
650 4 |a Technology & Engineering/Electronics/General 
776 0 8 |i Paperback version:  |t Optoelectronics & Photonics:Principles & Practices: International Edition  |z 9780273774174 
856 4 0 |u https://resolver.vitalsource.com/9780273774181 
999 |c 249583  |d 249582